00509nam a2200133Ia 4500008004100000100001500041245007100056260010500127650001700232650002000249942000700269999001700276952008200293220216s9999 xx 000 0 und d aHing J L T 0aImpact of packaging and transportation on natural rubber marketing bProceedings of the International Rubber Marketing Conference, 1983, Kuala Lumpur, Malaysia, p138-147 aNR marketing aRubber industry cJS c60752d60752 00104078aMAINbMAINc2d2021-12-17l0r2021-12-17 00:00:00w2022-02-16yJS